000 01460cam a2200349 a 4500
001 breakthroughonsk00teja
003 CaSfIA
005 20210117221646.0
007 cr||||
008 860606s1986 nyua 000 0 eng
010 _a 86040146
040 _aDLC
_cDLC
_dBTCTA
_dYDXCP
_dVP@
_dCaSfIA
020 _a0394747038 (pbk.) :
_c$6.95
020 _a9780394747033 (pbk.)
035 _a(OCoLC)13796433
050 0 0 _aGV854.85
_b.T45 1986
082 0 0 _a796.93/07
_219
100 1 _aTejada-Flores, Lito.
245 1 0 _aBreakthrough on skis :
_h[electronic resource]
_bhow to get out of the intermediate rut /
_cby Lito Tejada-Flores.
250 _a1st ed.
260 _aNew York :
_bVintage Books,
_c1986.
300 _axxv, 291 p. :
_bill. ;
_c21 cm.
650 0 _aSkis and skiing
_xTraining.
856 4 1 _uhttp://www.archive.org/details/breakthroughonsk00teja
_zFree eBook from the Internet Archive
856 4 2 _uhttp://www.openlibrary.org/books/OL2739421M
_zAdditional information and access via Open Library
029 1 _aYDXCP
_b344264
029 1 _aNZ1
_b3865820
029 1 _aAU@
_b000004606274
942 _cEB
506 _fНеобхідна авторизація на https://archive.org/ (створення облікового запису безкоштовно)
506 _fНеобхідна авторизація на https://openlibrary.org/ (створення облікового запису безкоштовно)
999 _c476433
_d476433